MARC details
| 000 -LEADER |
| campo de control de longitud fija |
01897nam a22003257a 4500 |
| 003 - IDENTIFICADOR DE NÚMERO DE CONTROL |
| campo de control |
BO-EaUP |
| 005 - FECHA Y HORA DE LA ÚLTIMA TRANSACCIÓN |
| campo de control |
20251113170150.0 |
| 008 - DATOS DE LONGITUD FIJA--INFORMACIÓN GENERAL |
| campo de control de longitud fija |
251113b2021 bo ||||| |||| 00| 0 spa d |
| 020 ## - NÚMERO INTERNACIONAL ESTÁNDAR DEL LIBRO |
| Número Internacional Estándar del Libro |
4-1-3972-2021 |
| 040 ## - FUENTE DE CATALOGACIÓN |
| Centro catalogador/agencia de origen |
Biblioteca IPE |
| Lengua de catalogación |
spa |
| Centro/agencia transcriptor |
Biblioteca Ingeniería en producción empresarial |
| Normas de descripción |
RDA |
| 041 ## - CÓDIGO DE IDIOMA |
| Código de lengua del texto/banda sonora o título independiente |
spa |
| Código de lengua original |
spa |
| 043 ## - CÓDIGO DE ÁREA GEOGRÁFICA |
| Código de área geográfica |
s-bo |
| 082 ## - NÚMERO DE LA CLASIFICACIÓN DECIMAL DEWEY |
| Número de edición |
21 |
| Número de clasificación |
510 |
| 092 ## - ASIGNACIÓN LOCAL DE SIGNATURA TOPOGRÁFICA DEWEY (OCLC) |
| Número de clasificación |
510 |
| Signatura Librística |
C352m |
| 100 ## - ENTRADA PRINCIPAL--NOMBRE DE PERSONA |
| Nombre de persona |
Castillo Muñoz, Felix Zenon |
| Término indicativo de función/relación |
Autor |
| 9 (RLIN) |
6074 |
| 245 ## - MENCIÓN DEL TÍTULO |
| Título |
Matemáticas : |
| Subtítulo |
Exámenes del curso preuniversitario facultad de ingeniería / |
| Mención de responsabilidad, etc. |
Felix Zenon Castillo Muñoz |
| 250 ## - MENCION DE EDICION |
| Mención de edición |
Primera edición |
| 260 ## - PUBLICACIÓN, DISTRIBUCIÓN, ETC. |
| Lugar de publicación, distribución, etc. |
El Alto - La Paz : |
| Nombre del editor, distribuidor, etc. |
Artes Gráficas krafi Magic ; |
| Fecha de publicación, distribución, etc. |
2021 |
| 300 ## - DESCRIPCIÓN FÍSICA |
| Extensión |
133 páginas ; |
| Otras características físicas |
Ilustraciones, gráficos ; Tapa blanda |
| Dimensiones |
27 x 20 centímetros |
| Tamaño de la unidad |
carta |
| 336 ## - TIPO DE CONTENIDO |
| Fuente |
rdacontent |
| Término de tipo de contenido |
texto |
| Código de tipo de contenido |
txt |
| 337 ## - TIPO DE MEDIO |
| Fuente |
rdamedia |
| Nombre/término del tipo de medio |
no mediado |
| Código del tipo de medio |
nc |
| 338 ## - TIPO DE SOPORTE |
| Nombre/término del tipo de soporte |
volumen |
| Código del tipo de soporte |
n |
| 505 ## - NOTA DE CONTENIDO CON FORMATO |
| Nota de contenido con formato |
Exámenes tomados en el primer parcial, gestión 2009,2010,2011,2012,2013,2014,2015,2016,2017,2018,2019, I - 2008, II- 2008 - Exámenes tomados en el segundo parcial, Gestión I - 2008, I - 2009, I - 2010, II - 2010, I - 2011, II - 2011, II - 2012, I - 2013, II - 2013, I - 2014, II - 2014, I - 2015, II - 2015, I - 2016, II - 2016, I - 2017, II - 2017, I - 2018, II - 2018, I - 2019, II - 2019, etc. |
| 520 ## - RESUMEN, ETC. |
| Sumario, etc. |
Matemáticas, Exámenes del Curso Preuniversitario de la Facultad de Ingeniería de la UMSA. Es un tanto que recopila los exámenes tomados en de la Facultad de la materia de Matemáticas durante los últimos diez años. El presente texto muestra el nivel de las Matemáticas que se exige a los postulantes a le Facultad de Ingeniería, que pretenden proseguir estudios superiores en las diferentes carreras que ofrece dicha Facultad. |
| 546 ## - NOTA DE IDIOMA |
| Nota de lengua/lenguaje |
Español |
| 653 ## - TÉRMINO DE INDIZACIÓN--NO CONTROLADO |
| Término no controlado |
MATEMÁTICAS |
| 653 ## - TÉRMINO DE INDIZACIÓN--NO CONTROLADO |
| Término no controlado |
EXÁMENES |
| 653 ## - TÉRMINO DE INDIZACIÓN--NO CONTROLADO |
| Término no controlado |
PROBLEMAS RESUELTOS |
| 942 ## - ELEMENTOS DE ENTRADA SECUNDARIOS (KOHA) |
| Fuente del sistema de clasificación o colocación |
Clasificación Decimal Dewey |
| Tipo de ítem Koha |
Libros |
| Suprimir en OPAC |
No |